LIBRARY & INFORMATION CENTRE, KCAET, TAVANUR

ONLINE PUBLIC ACCESS CATALOGUE (OPAC)

Fundamental University Physics : Vol III : Quantum and statistical physics / (Record no. 3174)

MARC details
000 -LEADER
fixed length control field 00512cam a2200181ua 4500
041 ## - LANGUAGE CODE
Language code of text/sound track or separate title eng
082 ## - DEWEY DECIMAL CLASSIFICATION NUMBER
Classification number 530.133
Item number ALD/FU
100 ## - MAIN ENTRY--AUTHOR NAME
Personal name Alonso, Marcelo .
245 ## - TITLE STATEMENT
Title Fundamental University Physics : Vol III : Quantum and statistical physics /
260 ## - PUBLICATION, DISTRIBUTION, ETC. (IMPRINT)
Place of publication Tokya :
Name of publisher Addison-Wesley Publishing Company ,
Year of publication 1968.
300 ## - PHYSICAL DESCRIPTION
Number of Pages ; .
700 1# - ADDED ENTRY--PERSONAL NAME
Personal name Finn, Edward .
942 ## - ADDED ENTRY ELEMENTS (KOHA)
Koha item type Books
Holdings
Withdrawn status Lost status Damaged status Home library Current library Date acquired Full call number Accession Number Koha item type
      KAUAET KAUAET 08/09/1986 530.133 ALO/FU 15733 Books
free website counter